Queens of the Stone Age Songs - Statistics

General Stats
  • This quiz has been taken 247 times
  • The average score is 42 of 117
Answer Stats
Album/Release Song % Correct
Songs for the Deaf No One Knows
85%
Songs for the Deaf Go with the Flow
78%
Songs for the Deaf A Song for the Dead
77%
Songs for the Deaf A Song for the Deaf
74%
Lullabies to Paralyze Little Sister
71%
Songs for the Deaf First It Giveth
67%
Songs for the Deaf You Think I Ain't Worth a Dollar, But I Feel Like a Millionaire
66%
Songs for the Deaf Mosquito Song
65%
...Like Clockwork ...Like Clockwork
63%
Era Vulgaris Make It wit Chu
63%
Era Vulgaris 3's & 7's
62%
...Like Clockwork I Sat by the Ocean
61%
Songs for the Deaf Hangin' Tree
59%
Rated R Feel Good Hit of the Summer
58%
Songs for the Deaf God is in the Radio
58%
...Like Clockwork My God Is the Sun
58%
Songs for the Deaf Six Shooter
58%
Era Vulgaris Sick, Sick, Sick
57%
Rated R The Lost Art of Keeping a Secret
57%
Songs for the Deaf The Sky is Fallin'
56%
Lullabies to Paralyze Burn the Witch
55%
In Times New Roman... Paper Machete
53%
Queens of the Stone Age Regular John
53%
Queens of the Stone Age Mexicola
50%
...Like Clockwork I Appear Missing
49%
...Like Clockwork If I Had a Tail
48%
Rated R Auto Pilot
47%
Queens of the Stone Age Avon
47%
Songs for the Deaf Gonna Leave You
47%
Lullabies to Paralyze In My Head
47%
Lullabies to Paralyze Medication
47%
Songs for the Deaf Another Love Song
46%
Songs for the Deaf Do It Again
46%
Era Vulgaris Turnin' on the Screw
46%
...Like Clockwork Keep Your Eyes Peeled
45%
Songs for the Deaf The Real Song for the Deaf
45%
...Like Clockwork Smooth Sailing
44%
Villains The Way You Used to Do
44%
Villains Feet Don't Fail Me
43%
Era Vulgaris I'm Designer
42%
In Times New Roman... Obscenery
41%
Era Vulgaris Run, Pig, Run
41%
...Like Clockwork The Vampyre of Time and Memory
41%
In Times New Roman... Emotion Sickness
40%
Era Vulgaris Bonus Track Era Vulgaris
40%
Villains Fortress
40%
Rated R In the Fade
40%
...Like Clockwork Kalopsia
40%
Rated R Leg of Lamb
40%
In Times New Roman... Straight Jacket Fitting
40%
Rated R Better Living Through Chemistry
39%
In Times New Roman... Sicily
38%
Villains Villains of Circumstance
38%
...Like Clockwork Fairweather Friends
37%
Queens of the Stone Age If Only
37%
Gamma Ray EP If Only Everything
37%
In Times New Roman... Negative Space
36%
Villains The Evil Has Landed
36%
Era Vulgaris Battery Acid
35%
Era Vulgaris Into the Hollow
35%
Era Vulgaris Misfit Love
35%
Rated R I Think I Lost My Headache
34%
Rated R Tension Head
34%
Lullabies to Paralyze This Lullaby
34%
In Times New Roman... Time & Place
34%
In Times New Roman... Carnavoyeur
33%
In Times New Roman... What the Peephole Say
33%
Villains Domesticated Animals
32%
Lullabies to Paralyze Tangled Up in Plaid
32%
In Times New Roman... Made to Parade
31%
Villains Head Like a Haunted House
30%
Queens of the Stone Age I Was a Teenage Hand Model
30%
Lullabies to Paralyze Someone's in the Wolf
30%
Lullabies to Paralyze I Never Came
29%
Era Vulgaris River in the Road
29%
Lullabies to Paralyze Long Slow Goodbye
28%
Era Vulgaris Suture Up Your Future
28%
Queens of the Stone Age How to Handle a Rope
27%
Rated R Lightning Song
27%
Era Vulgaris Bonus Track The Fun Machine Took a Shit and Died
27%
Villains Un-Reborn Again
27%
Rated R Monsters in the Parasol
26%
Queens of the Stone Age You Can't Quit Me Baby
26%
Queens of the Stone Age Give the Mule What He Wants
25%
Lullabies to Paralyze The Blood Is Love
25%
Lullabies to Paralyze Broken Box
24%
Villains Hideaway
24%
Rated R Quick and to the Pointless
24%
The Split CD The Bronze
24%
Lullabies to Paralyze Everybody Knows That You Are Insane
23%
Songs for the Deaf Bonus Track Everybody's Gonna Be Happy
23%
Lullabies to Paralyze Skin on Skin
23%
Queens of the Stone Age Walkin' on the Sidewalks
22%
Lullabies to Paralyze You Got a Killer Scene There, Man...
22%
Queens of the Stone Age Hispanic Impressions
19%
Queens of the Stone Age You Would Know
19%
Gamma Ray EP Born to Hula
17%
Lullabies to Paralyze Bonus Track Like a Drug
17%
Rated R Bonus Track Never Say Never
17%
Kyuss/Queens of the Stone Age EP Spiders and Vinegaroons
16%
Era Vulgaris Bonus Track Running Joke
15%
Era Vulgaris Bonus Track White Wedding
14%
Rated R Bonus Track You're So Vague
14%
Heavy Metal 2000 Soundtrack Infinity
13%
Rated R Bonus Track Ode to Clarissa
12%
The Split CD These Aren't the Droids You're Looking For
12%
Rated R Bonus Track Who'll Be the Next in Line
10%
Songs for the Deaf Bonus Track Bloody Hammer
6%
Era Vulgaris Bonus Track Christian Brothers
6%
Era Vulgaris Bonus Track Goin' Out West
6%
Lullabies to Paralyze Bonus Track Precious and Grace
6%
Burn One Up! 18 A.D.
5%
Era Vulgaris Bonus Track Needles in the Camel's Eye
4%
Stone Age Complication Wake Up Screaming
3%
Alpha Motherfuckers Tribute Album Back to Dungaree High
2%
Stone Age Complication Most Exalted Potentate of Love
2%
Chimes of Freedom Tribute Album Outlaw Blues
1%
No matching quizzes found
Score Distribution
Percent of People with Each Score
Percentile by Number Answered
Your Score History
You have not taken this quiz